|
|
|
|
| LEADER |
02029nam a22004335i 4500 |
| 001 |
978-3-540-30657-3 |
| 003 |
DE-He213 |
| 005 |
20150519180339.0 |
| 007 |
cr nn 008mamaa |
| 008 |
100301s2006 gw | s |||| 0|eng d |
| 020 |
|
|
|a 9783540306573
|9 978-3-540-30657-3
|
| 024 |
7 |
|
|a 10.1007/3-540-30657-9
|2 doi
|
| 040 |
|
|
|d GrThAP
|
| 050 |
|
4 |
|a QR180-189.5
|
| 072 |
|
7 |
|a MJCM
|2 bicssc
|
| 072 |
|
7 |
|a MED044000
|2 bisacsh
|
| 082 |
0 |
4 |
|a 616.079
|2 23
|
| 245 |
1 |
0 |
|a Gut-Associated Lymphoid Tissues
|h [electronic resource] /
|c edited by Tasuku Honjo, Fritz Melchers.
|
| 264 |
|
1 |
|a Berlin, Heidelberg :
|b Springer Berlin Heidelberg,
|c 2006.
|
| 300 |
|
|
|a XI, 210 p.
|b online resource.
|
| 336 |
|
|
|a text
|b txt
|2 rdacontent
|
| 337 |
|
|
|a computer
|b c
|2 rdamedia
|
| 338 |
|
|
|a online resource
|b cr
|2 rdacarrier
|
| 347 |
|
|
|a text file
|b PDF
|2 rda
|
| 490 |
1 |
|
|a Current Topics in Microbiology and Immunology,
|x 0070-217X ;
|v 308
|
| 505 |
0 |
|
|a Role of the Innate Immune System and Host-Commensal Mutualism -- Molecular Networks Orchestrating GALT Development -- Lymphoid Tissue Inducer Cells in Intestinal Immunity -- Specificity and Plasticity of Memory LymphocyteMigration -- IgA Adaptation to the Presence of Commensal Bacteria in the Intestine -- Intestinal IgA Synthesis: A Primitive Form of Adaptive Immunity That Regulates Microbial Communities in the Gut -- B Cell Recruitment and Selection in Mouse GALT Germinal Centers -- Structural Insights into Antibody-Mediated Mucosal Immunity.
|
| 650 |
|
0 |
|a Medicine.
|
| 650 |
|
0 |
|a Immunology.
|
| 650 |
1 |
4 |
|a Biomedicine.
|
| 650 |
2 |
4 |
|a Immunology.
|
| 700 |
1 |
|
|a Honjo, Tasuku.
|e editor.
|
| 700 |
1 |
|
|a Melchers, Fritz.
|e editor.
|
| 710 |
2 |
|
|a SpringerLink (Online service)
|
| 773 |
0 |
|
|t Springer eBooks
|
| 776 |
0 |
8 |
|i Printed edition:
|z 9783540306566
|
| 830 |
|
0 |
|a Current Topics in Microbiology and Immunology,
|x 0070-217X ;
|v 308
|
| 856 |
4 |
0 |
|u http://dx.doi.org/10.1007/3-540-30657-9
|z Full Text via HEAL-Link
|
| 912 |
|
|
|a ZDB-2-SBL
|
| 950 |
|
|
|a Biomedical and Life Sciences (Springer-11642)
|